| 000 | 01108cab a2200289 4500 | ||
|---|---|---|---|
| 001 | ABS42980 | ||
| 008 | 090401t1990 xxu||||| |||| 00| 0 eng d | ||
| 035 | _a(Sirsi) u39789 | ||
| 041 | _aeng | ||
| 100 | _aBeaton, D. | ||
| 245 | _aSo you want to try organic farming? | ||
| 260 | _c1990 | ||
| 350 | _a0 | ||
| 490 |
_aFarmers' Weekly _v112(22) 1 June 1990, 65-71 |
||
| 520 | _aTwo part article examining various aspects of organic farming . The first part reports on the proposed organic extensification scheme , the various organic organisations, co-operative production, the role of Organic Farm Foods , Britain`s largest organic dealer and packer and organic meat production. The second part covers the successes and setbacks of two organic farms, current research , and the market for organic land . | ||
| 650 | _aALTERNATIVE LAND USE | ||
| 650 | _aDIVERSIFICATION | ||
| 650 | _aVALUES | ||
| 690 | _aRURAL PRACTICE | ||
| 700 | _aBlake, A. | ||
| 700 | _aBurns, J. | ||
| 700 | _aGreen, M. | ||
| 700 | _aHillier, C. | ||
| 700 | _aPaice, Catherine | ||
| 942 | _n0 | ||
| 948 | _c04/03/1997 | ||
| 999 |
_c25473 _d25473 |
||